| 000 | 00914nam a22002417a 4500 | ||
|---|---|---|---|
| 008 | 081212t xxu||||| |||| 00| 0 eng d | ||
| 010 | _aENG-92173 | ||
| 020 |
_c120.00 _a9788190745918 |
||
| 035 | _aEN-75706 | ||
| 037 | _bDBAD / PUB | ||
| 040 |
_adpl _bEnglish |
||
| 082 | _a338.4791 | ||
| 100 | _aLawrance, C. | ||
| 245 |
_aTourism products in India / _cby C. Lawrance |
||
| 260 |
_aKanyakumari _bIdeal Publication _c2007 |
||
| 270 |
_aChembahacherry, Thottavaram, Puthukkadai (P.O.) _bKanyakumari |
||
| 300 |
_a154p. _c18cm (pbk) |
||
| 500 | _aIncludes bibliographical references | ||
| 650 |
_aTouism marketing _zIndia |
||
| 651 |
_aTouism information _zIndia |
||
| 942 |
_2ddc _cEN _mLAW _e22 _h338.4791 |
||
| 999 |
_c19788 _d19788 |
||